000 00906cab a2200277 4500
001 ABS57719
008 090401t1997 xxu||||| |||| 00| 0 eng d
035 _a(Sirsi) u81353
041 _aeng
100 _aLopatin, M.
245 _aGleam of certainty
260 _c1997
350 _a0
490 _aEstates Gazette
_v(9739) 27 September 1997, 68-69(2)
520 _aMore demanding corporate requirements in connection with record low levels of supply, has resulted in a rush of preletting in the central London office market.
650 _aCENTRAL LONDON
650 _aNEGOTIATIONS
650 _aPROPERTY-COMMERCIAL PROPERTY-OFFICE PROPERTY-OFFICE PROPERTY MARKET
650 _aOFFICE OCCUPIERS
650 _aPRE-LETTING
650 _aPRELETS
650 _aSUPPLY AND DEMAND
690 _aPROPERTY-COMMERCIAL PROPERTY-COMMERCIAL PROPERTY MARKET
942 _n0
948 _c09/10/1997
999 _c51260
_d51260